LIBRARY & INFORMATION CENTRE, KCAET, TAVANUR

ONLINE PUBLIC ACCESS CATALOGUE (OPAC)

Normal view MARC view
  • Asha Joseph

Entry Personal Name

Number of records used in: 1

001 - CONTROL NUMBER

  • control field: 3221

003 - CONTROL NUMBER IDENTIFIER

  • control field: OSt

005 - DATE AND TIME OF LATEST TRANSACTION

  • control field: 20180725155113.0

008 - FIXED-LENGTH DATA ELEMENTS

  • fixed length control field: 180725|| aca||aabn | a|a d

040 ## - CATALOGING SOURCE

  • Original cataloging agency: OSt
  • Transcribing agency: OSt

100 ## - HEADING--PERSONAL NAME

  • Personal name: Asha Joseph

670 ## - SOURCE DATA FOUND

  • Source citation: Work cat.: (OSt): Dilshana Jasmin Khamarunneesa M Shana Thasneem K. 3220, Crop coefficient values of okra for the humid tropical region using lysimeter, 2018
free website counter